{"text_format":"3","workbook":"xlsx","n_sheets":1,"sheets":["仪控"],"not_rendered":{"defined_names":1},"read":"whole","date_system":"1900"}

{"sheet":"仪控","index":0,"n_rows":94,"n_cols":10,"rows_kept":94,"merged":[[0,0,0,9]]}
["2021年临江公司三固项目仪控普通备品备件采购计划"]
["序号","类别","名称","品牌","型号","单位","数量","参考单价（元）","总价（元）","备注"]
[1,"公用","本安用DCS电缆","国标线","IJYPVP 1×(2×1.5)","米",200,5,{"$f":"G3*H3","v":1000}]
[2,"公用","本安用DCS电缆","国标线","IJYPVP 1×(3×1.5)","米",200,6,1200]
[3,"公用","本安用DCS电缆","国标线","IJYPVP 2×2×1.5","米",200,11,2200]
[4,"公用","控制电缆","国标线","ZB-KFVPR  2×1.5","米",200,8,1600]
[5,"公用","控制电缆","国标线","ZB-KFVPR  4×1.5","米",200,12,2400]
[6,"焚烧","双金属温度计",null,"0~100℃  WSSXB-461-P0~100AC4-8A-AN1/BF02A-T-20/16A200-A1HG/T20592-2009-DN25-PN16-RF","支",10,210,2100]
[7,"焚烧","双金属温度计",null,"0~100℃ WSS-461-P0~100-8A-AN1/BF02A-T-20/16A400-A1HG/T20592-2009-DN25-PN16-RF","支",10,210,2100]
[8,"焚烧","双金属温度计",null,"0~100℃ WSS-461-P0~100-8A-AN1/BF02A-T-20/16A400-A1HG/T20592-2009-DN25-PN16-RF","支",10,210,2100]
[9,"焚烧","双金属温度计",null,"0~150℃ WSS-461-P0~100-8A-AM20/BF02A-S-16HL550-HL1HG/T20592-2009-DN25-PN16-RF","支",10,210,2100]
[10,"焚烧","双金属温度计",null,"0~150℃ WSS-461-P0~100-8A-AM20/BF02A-S-16HL550-HL1HG/T20592-2009-DN25-PN16-RF","支",10,210,2100]
[11,"焚烧","双金属温度计",null,"0~150℃ WSS-461-P0~100-8A-AM20/BH01-T-28/18-220A70","支",10,210,2100]
[12,"焚烧","双金属温度计",null,"0~150℃ WSS-461-P0~100-8A-AM20/BH01-T-28/18-220A70","支",10,210,2100]
[13,"焚烧","阻旋式料位开关",null,"RSBXSSFAA040FB-BFCAAX","件",2,1000,2000]
[14,"焚烧","阻旋式料位开关",null,"RSBXSSFBA180FB-BFCAAX","件",2,1000,2000]
[15,"焚烧","阻旋式料位开关",null,"RSBXSSGAA040FB-BFCAAX","件",2,1500,3000]
[16,"焚烧","阻旋式料位开关",null,"RSBXSSGAA050FB-BFCAAX","件",2,1500,3000]
[17,"公用","多功能仪表",null,"NHR-5100D-27","只",5,800,4000]
[18,"公用","多功能仪表",null,"NHR-5200C-27","只",2,800,1600]
[19,"公用","隔离栅",null,"NHR-GZ-A32-14/14-0/0","块",3,500,1500]
[20,"焚烧","普尔世电源模块",null,"QS20","块",2,2000,4000,"型号参照普尔世"]
[21,"焚烧","普尔世电源模块",null,"YR40.242","块",2,1200,2400,"型号参照普尔世"]
[22,"焚烧","压力开关",null,"D500/7D  0~6KPa","支",2,800,1600]
[23,"焚烧","压力开关",null,"D502/7D  0.03-1MPa","支",2,800,1600]
[24,"焚烧","压力开关",null,"D502/7D 0.03-0.16MPa","支",2,800,1600]
[25,"焚烧","一体化温度变送器分体式）",null,"SBWR-1E-TS1(0~1300)/9M2SS10000/WRK2-5320-1M-1050R900-A1HG/T20592-2009-DN50-PN16-RF","件",2,1300,2600]
[26,"焚烧","一体化温度变送器分体式）",null,"SBWR-1E-TS1(0~1300)/9M2SS10000/WRKL2-5322-1M-1050P900P900-A1HG/T20592-2009-DN50-PN16-RF","件",2,1300,2600]
[27,"焚烧","一体化温度变送器",null,"SBWR-1E-TS1(0~1300)/9M2SS10000/WRKL2-5722-1MFA-1050P900P900-A1HG/T20592-2009-DN50-PN16-RF","件",10,1000,10000]
[28,"焚烧","一体化温度变送器分体式）",null,"SBWR-1E-TS1(0~1300)/9M2SS10000/WRKL2-5722-1MFA-1050P900P900-A1HG/T20592-2009-DN50-PN16-RF","件",2,1300,2600]
[29,"焚烧","一体化温度变送器",null,"SBWR-1-TS1(0~800)/WRGKK2-33SG-1J1650G-M-AM20/BF03-S-16HL1500-HL1HG/T20592-2009-DN25-PN16-RF","件",10,500,5000]
[30,"焚烧","一体化温度变送器",null,"SBWR-1-TS1(0~800)/WRKK2-6316-1JG3M-WH850HL700-HL1HG/T20592-2009-DN25-PN16-RF","件",10,500,{"$f":"G32*H32","v":5000}]
[31,"焚烧","一体化温度变送器",null,"SBWZ-4-TS1(0~150)/WZGPK2-73SG-P2AJ350G-MFA-AM20/BF02A-S-16A200-A1HG/T20592-2009-DN25-PN16-RF","件",10,500,5000]
[32,"焚烧","一体化温度变送器",null,"SBWZ-4-TS1(0~250)/WZGPK2-33SG-P2AJ350G-M-AM20/BF02A-T-20/16A200-A1HG/T20592-2009-DN25-PN16-RF","件",10,500,5000]
[33,"焚烧","一体化温度变送器",null,"SBWZ-4-TS1(0~250)/WZGPK2-33SG-P2AJ370G-M-AM20/BH01-T-28/18-220A70","件",10,500,5000]
[34,"焚烧","一体化温度变送器",null,"SBWZ-4-TS1(0~250)/WZGPK2-73SG-P2AJ550G-MFA-AM20/BF02A-T-20/16A400-A1HG/T20592-2009-DN50-PN16-RF","件",10,500,5000]
[35,"焚烧","一体化温度变送器",null,"SBWZ-4-TS1(0~250)/WZPK2-6316-A3P2JGM-WH600HL450-HL1HG/T20592-2009-DN25-PN16-RF","件",10,500,5000]
[36,"焚烧","热电偶",null,"WRK2-5320-1M-1050R900-A1HG/T20592-2009-DN50-PN16-RF/SS10000","支",5,1000,5000]
[37,"焚烧","热电偶",null,"WRKL2-5322-1M-1050P900P900-A1HG/T20592-2009-DN50-PN16-RF/SS10000","支",10,1000,10000]
[38,"焚烧","可调角型双金属温度计",null,"WSS-481 量程：0～100℃，插深：200mm，保护管直径：φ12；精度等级：1.5级；表盘直径：φ100。","支",4,200,800]
[39,"焚烧","可调角型双金属温度计",null,"WSS-481 量程：0～100℃，插深：75mm，保护管直径：φ12；精度等级：1.5级；表盘直径：φ100","支",4,200,800]
[40,"焚烧","热电阻",null,"WZGPK2-33SG-P2AJ550G-M-AM20/BF02A-S-12A400F-A1HG/T20592-2009-DN25-PN16-RF","支",5,1000,5000]
[41,"焚烧","铠装芯式装配热电阻",null,"WZP-230(K) 单支 Pt100，插深：1200mm，保护管直径：1mm，电气接口：M20×1.5","支",4,200,800]
[42,"焚烧","铠装芯式装配热电阻",null,"WZP-230(K) 单支 Pt100，插深：150mm，保护管直径：1mm，电气接口：M20×1.5","支",10,200,2000]
[43,"焚烧","铠装芯式装配热电阻",null,"WZP-230(K) 单支 Pt100，插深：75mm，保护管直径：1mm，电气接口：M20×1.5","支",2,200,400]
[44,"焚烧","安全阀",null,"A18Y-16C DN100","件",1,1700,{"$f":"G46*H46","v":1700}]
[45,"焚烧","安全阀",null,"A18Y-16 DN80","件",1,1500,{"$f":"G47*H47","v":1500}]
[46,"焚烧","安全阀",null,"A28Y-16K DN25","件",1,600,600]
[47,"焚烧","安全阀",null,"A48Y-16C DN32","件",1,650,650]
[48,"焚烧","安全阀",null,"A48Y-16C DN65","件",1,1200,1200]
[49,"焚烧","安全阀",null,"A48Y-16C DN80","件",1,1450,1450]
[50,"焚烧","安全阀",null,"A48Y-16C DN25","件",1,600,600]
[51,"蒸发","安全阀 ",null,"型号：ZTA48Y-10C，DN100，介质温度：150℃；起跳压力：0.5MPa；","件",1,1700,1700]
[52,"蒸发","安全阀 ",null,"型号：ZTA48Y-10C，DN40，介质温度：150℃；起跳压力：0.5MPa；","件",1,1700,1700]
[53,"焚烧","不锈钢压力表",null,"Y-100BF，304不锈钢，0-1.0MPa,1.6级","支",5,180,900]
[54,"焚烧","不锈钢压力表",null,"Y-100BF、304不锈钢，0-2.5MPa,1.6级","支",5,180,900]
[55,"焚烧","不锈钢压力表",null,"Y-100H/316L，量程：-0.1-0.6MPa；","支",5,200,1000]
[56,"焚烧","不锈钢压力表",null,"Y-100H/316L，量程：0-0.6MPa","支",5,200,1000]
[57,"焚烧","不锈钢压力表",null,"Y-100H/316L，量程：0-1.0MPa；","支",5,200,1000]
[58,"焚烧","不锈钢压力表",null,"YE-100BF、304不锈钢，-100~+60KPa","支",5,180,900]
[59,"焚烧","不锈钢微压表",null,"YE-100H/316/SR 0~10kPa","支",5,440,2200]
[60,"焚烧","不锈钢微压表",null,"YE-100H/316/SR 0~2.5kPa","支",5,440,2200]
[61,"焚烧","不锈钢微压表",null,"YE-100H/316/SR 0~4kPa","支",5,440,2200]
[62,"焚烧","不锈钢微压表",null,"YE-100H/316/SR 0~6kPa","支",5,440,2200]
[63,"焚烧","不锈钢微压表",null,"YE-100H/316/SR -2~2kPa","支",5,440,2200]
[64,"焚烧","不锈钢压力表",null,"YTH-100MLB +316L/316L/SR，0~2.5MPa","支",5,560,2800]
[65,"焚烧","不锈钢压力表",null,"YTH-100MLB +316L/316L/SR，0~4.0MPa ","支",5,560,2800]
[66,"焚烧","耐震隔膜压力表",null,"YTHN-100 MFB，量程：0~0.6Mpa；","支",5,560,2800]
[67,"焚烧","耐震隔膜压力表",null,"YTHN-100 MFB，量程：0~1.0Mpa；","支",5,560,2800]
[68,"焚烧","不锈钢耐震压力表",null,"YTHN-100/316 0~0.1MPa","支",5,200,1000]
[69,"焚烧","不锈钢耐震压力表",null,"YTHN-100/316 0~0.25MPa","支",5,200,1000]
[70,"焚烧","不锈钢耐震压力表",null,"YTHN-100/316 0~0.4MPa","支",5,200,1000]
[71,"焚烧","不锈钢耐震压力表",null,"YTHN-100/316 0~1.0MPa","支",5,200,1000]
[72,"焚烧","不锈钢压力表",null,"YTHN-100/316 0~1.0MPa","支",5,560,2800]
[73,"焚烧","不锈钢耐震压力表",null,"YTHN-100/316 0~1.6MPa","支",5,200,1000]
[74,"焚烧","不锈钢压力表",null,"YTHN-100/316 0~1.6MPa","支",5,200,1000]
[75,"焚烧","不锈钢耐震隔膜压力表",null,"YTHN-100MFB3 +316L/316L/SR 0~0.4MPa","支",5,770,3850]
[76,"焚烧","不锈钢耐震隔膜压力表",null,"YTHN-100MFB3 +316L/316L/SR 0~0.6MPa","支",5,770,3850]
[77,"焚烧","不锈钢耐震隔膜压力表",null,"YTHN-100MFB3 +316L/316L/SR 0~1.0MPa","支",5,770,3850]
[78,"焚烧","不锈钢耐震隔膜压力表",null,"YTHN-100MFB3 +316L/316L/SR 0~1.6MPa","支",5,770,3850]
[79,"焚烧","不锈钢耐震隔膜压力表",null,"YTHN-100MLB +316L/316L/SR 0~0.25MPa","支",5,560,2800]
[80,"焚烧","不锈钢压力表",null,"YTHN-100MLB +316L/316L/SR 0~0.25MPa","支",5,560,2800]
[81,"焚烧","不锈钢氨用隔膜压力表",null,"YTHN-100MLB +316L/316L/SR 0~0.4MPa","支",5,560,2800]
[82,"焚烧","不锈钢耐震隔膜压力表",null,"YTHN-100MLB +316L/316L/SR 0~0.4MPa","支",5,560,2800]
[83,"焚烧","不锈钢耐震隔膜压力表",null,"YTHN-100MLB +316L/316L/SR 0~1.0MPa","支",5,560,2800]
[84,"焚烧","不锈钢耐震隔膜压力表",null,"YTHN-100MLB +316L/316L/SR 0~1.6MPa","支",5,560,2800]
[85,"焚烧","不锈钢压力表",null,"YTHN-100MLB +316L/316L/SR 0~1.6MPa","支",5,560,2800]
[86,"焚烧","不锈钢耐震隔膜压力表",null,"YTHN-100MLB +316L/316L/SR 0~2.5MPa","支",5,560,2800]
[87,"焚烧","不锈钢耐震隔膜压力表",null,"YTHN-100MLB +316L/316L/SR 0~4.0MPa","支",5,560,2800]
[88,"焚烧","不锈钢压力表",null,"YTHN-100MLB +316L/316L/SR 0~4.0MPa ","支",5,560,2800]
[89,"焚烧","不锈钢耐震隔膜压力表",null,"YTHN-150MLB +316L/316L/SR 0~2.5MPa","支",5,610,3050]
[90,"焚烧","就地抗震压力表",null,"型号：YJHN-60、量程：0-3000Pa、材质：SUS304","支",5,100,500]
[]
[{"$nulls":5},"合计",null,{"$f":"SUM(I3:I92)","v":223750}]